[Event "3rd GRENKE Chess Open 2018"]
[Site "Karlsruhe"]
[Date "2018.04.02"]
[Round "8"]
[White "Korpa, Bence"]
[Black "Keinanen, Toivo"]
[Result "1-0"]
[WhiteElo "2502"]
[BlackElo "2358"]
[Annotator "TA"]
[PlyCount "80"]
[EventDate "2018.??.??"]
[EventType "swiss"]
[EventCountry "GER"]
[SourceTitle "playchess.com"]
[Source "ChessBase"]
[SourceQuality "1"]

{[%evp 20,80,2,0,13,0,0,0,0,0,0,0,31,0,0,0,0,0,0,-52,-16,-15,-37,-92,-103,-119,0,-58,-3,-212,-154,-120,-154,-129,-102,-104,-118,-277,-68,-78,-42,-59,-51,-38,-20,-72,-70,-89,-72,-96,-79,-64,-60,-409,-402,-394,-301,-485,-485,-432,-315,-327,-324]} 1. d4 d5 2. c4 e6 3. g3 Nf6 4. Bg2 Bb4+ 5. Nd2 O-O 6. Ngf3 dxc4 7. Qc2 a5 {E04: Open Catalan: 5 Nf3} 8. a3 Bxd2+ 9. Bxd2 b5 10. a4 c6 11. e4 {LiveBook: 3 Games} Na6 (11... e5 12. dxe5 Nfd7 13. Be3 Na6 14. O-O Ndc5 15. Rfd1 {½-½ (23) Tomashevsky,E (2702)-Ding,L (2774) Palma de Mallorca 2017}) 12. e5 $146 {axb5 is the strong threat.} ({Predecessor:} 12. axb5 cxb5 13. e5 Nd5 14. Ng5 g6 15. O-O {1-0 (35) Shevchenko,K (2547)-Beliavsky,A (2542) Kiev 2017}) 12... Nd5 $1 {aiming for ...Nab4.} 13. Ng5 {[%csl Gg5][%cal Rc2h7]} g6 14. O-O Nab4 15. Qe4 h6 16. Nh3 Kg7 17. axb5 Bb7 18. b6 Qxb6 19. Ra4 (19. Nf4 $11) 19... c5 20. dxc5 Qxc5 21. Rc1 (21. Qh4 $1 $15 Rh8 22. Nf4) 21... Rac8 $17 22. Ra3 {[#]} Ba8 (22... c3 $1 $17 {[%mdl 512]} 23. bxc3 Nd3 $1 {[%mdl 512]}) 23. Rca1 {[#]} ({White should play} 23. Qh4 $1 $11 Rh8 24. Rca1) 23... Nc6 (23... c3 $1 $15 {[%mdl 512]} 24. bxc3 Nxc3) 24. Bxa5 $2 (24. Qh4 $1 $11 Rh8 25. Nf4) 24... Nxa5 25. Rxa5 Qb6 26. Qe2 c3 27. bxc3 Nxc3 28. Qg4 $2 {[#]} (28. Qa6 $17 Qd4 29. Qa7 Ne2+ 30. Kh1) 28... Bxg2 $2 (28... h5 $1 $19 {[%cal Rh5g4]} 29. Qg5 Bxg2 30. Kxg2 Qb7+ 31. f3 Qb2+ 32. Kh1 Qe2) 29. Kxg2 $15 Qb7+ (29... Rc5 {is more complex.} 30. Rxc5 Qxc5 31. Re1 Qc6+ 32. Kg1 Ra8) 30. Qf3 Qxf3+ 31. Kxf3 Nd5 32. Ra7 (32. Nf4 $11 {remains equal.}) 32... g5 $17 33. Ng1 Rc2 34. R1a3 Rb8 {Strongly threatening ...Rbb2.} 35. Ra2 Rb3+ 36. Kg4 $2 {[%mdl 8192]} ({Only move:} 36. Kg2 $15 Ne3+ 37. Kh3 Rxa2 38. Rxa2) 36... Rc4+ $19 37. Kh5 Re4 38. R7a4 $2 (38. f4) 38... Rxe5 {[%cal Rd5f6]} 39. Kg4 f5+ 40. Kh3 Nf4+ {[%mdl 32768] Precision: White = 22%, Black = 49%. . Loss on Time!?} 1-0

[Event "3rd GRENKE Chess Open 2018"]
[Site "Karlsruhe"]
[Date "2018.04.02"]
[Round "8"]
[White "Bellahcene, Bilel"]
[Black "Freeke, Matthieu"]
[Result "1/2-1/2"]
[WhiteElo "2488"]
[BlackElo "2334"]
[Annotator "TA"]
[PlyCount "74"]
[EventDate "2018.??.??"]
[EventType "swiss"]
[EventCountry "GER"]
[SourceTitle "playchess.com"]
[Source "ChessBase"]
[SourceQuality "1"]

{[%evp 10,74,-16,-27,-28,-31,-30,-27,-6,-56,-52,-57,-52,-59,-53,-72,-66,-65,-63,-84,-84,-85,-86,-94,-71,-108,-21,-35,-58,-85,-79,-80,-3,-106,-104,-120,-121,-145,-134,-153,-153,-158,-154,-162,-162,-162,-162,-164,-164,-162,-162,-162,-162,-162,-162,-162,-162,-162,-162,-162,-162,-162,-162,-162,-150,-160,0]} 1. e4 e5 2. Qh5 Nc6 3. Bc4 g6 4. Qf3 Nf6 5. Ne2 Bg7 6. d3 {LiveBook: 7 Games. C20: 1 e4 e5: Unusual White second moves} d6 7. Nbc3 Nb4 $146 ({Predecessor:} 7... Bg4 8. Qg3 Qd7 9. f3 Be6 10. Bg5 Nh5 11. Qh4 h6 {0-1 (87) Nakamura,H (2657)-Sasikiran,K (2642) Malmo/Copenhagen 2005}) 8. Bb3 {Black has an edge.} Be6 {Threatens to win with ...Bxb3.} 9. Ba4+ c6 {[%cal Bc7c6,Bc6d5][%mdl 32]} 10. a3 Na6 11. b4 O-O $36 {[%mdl 2048] Black has the initiative.} 12. Rb1 Nc7 13. O-O d5 {Hoping for ...d4.} 14. exd5 cxd5 15. d4 e4 16. Qf4 Rc8 17. h3 h5 (17... h6 $17) 18. Qg3 Nh7 19. Bf4 h4 20. Qe3 Ne8 (20... Na8 $17) 21. Bh2 (21. Bb3 $11 {remains equal.}) 21... Nd6 $17 22. Bb3 {[#]} Nc4 $1 {[%cal Rc4e3]} 23. Qc1 f5 {Black is clearly better.} 24. f4 Nf6 {[%cal Bh7f6,Bf6e8,Be8d6][%mdl 32]} 25. Nd1 Ne8 26. Bxc4 Rxc4 27. c3 Nd6 28. Ne3 Rc7 29. Kh1 Bf6 30. Bg1 Kf7 31. a4 Nc4 32. Nxc4 Rxc4 ({Much worse is} 32... dxc4 $6 {[#]} 33. d5 $1 $15 {[%mdl 512]}) 33. Be3 Qd7 34. Ra1 Rfc8 35. Qb2 Be7 36. Rg1 R4c7 37. Ra2 Rc4 $2 {Precision: White = 45%, Black = 67%.} (37... Qc6 $17 38. Qb3 Qc4 39. Qxc4 Rxc4) 1/2-1/2

[Event "3rd GRENKE Chess Open 2018"]
[Site "Karlsruhe"]
[Date "2018.04.02"]
[Round "8"]
[White "Kevlishvili, Robby"]
[Black "Van Wely, Loek"]
[Result "1/2-1/2"]
[WhiteElo "2472"]
[BlackElo "2667"]
[Annotator "TA"]
[PlyCount "139"]
[EventDate "2018.??.??"]
[EventType "swiss"]
[EventCountry "GER"]
[SourceTitle "playchess.com"]
[Source "ChessBase"]
[SourceQuality "1"]

{[%evp 12,139,60,21,76,66,77,66,66,54,45,0,60,74,108,71,102,101,113,100,156,162,145,109,119,115,114,129,109,126,192,188,243,208,205,94,96,104,123,117,113,47,20,29,66,72,62,49,80,33,33,31,42,34,41,25,45,45,45,13,13,0,59,0,0,0,0,0,0,-81,-28,-46,-41,-34,-31,-29,-32,-55,-62,-118,-121,-130,-121,-112,-110,-133,-131,-133,-112,-133,-137,-135,-88,-86,-73,-161,-164,-165,-174,-137,-87,-167,-131,-178,-137,-158,-160,-155,-164,-166,-156,-158,-150,-169,-169,-307,-299,-284,-214,-167,-20,-21,-19,-273,0,-28,-29,-31,0,0]} 1. e4 c5 2. Nf3 e6 3. d4 cxd4 4. Nxd4 a6 5. c4 Nf6 6. Nc3 d6 7. g4 {[%cal Bg2g4,Bg4g5][%mdl 32] LiveBook: 6 Games. B41: Sicilian: Kan Variation: 5 c4} (7. Bd3 Be7 8. O-O Nc6 9. Be3 O-O 10. Rc1 Bd7 11. Qe2 Rc8 12. f4 Nxd4 13. Bxd4 e5 14. fxe5 dxe5 15. Bxe5 Ng4 16. Bf4 Bc5+ 17. Kh1 Qh4 {1-0 (81) Jakovenko,D (2710)-Sarana,A (2541) Sochi 2017}) 7... Nc6 (7... e5 $11 8. Nf5 Nc6) 8. g5 $16 Nd7 9. Be3 {White is better.} Be7 10. Rg1 $146 ({Predecessor:} 10. h4 Qa5 11. Qd2 Nde5 12. Be2 Nxd4 13. Bxd4 Qc7 14. Rc1 O-O {1-0 (31) Skuhala,J (2190)-Tomasic,R (2150) Croatia 2015}) 10... O-O 11. Be2 Re8 (11... Nxd4 $1 $11 12. Qxd4 b6) 12. h4 $14 g6 13. Qd2 Qa5 14. h5 Nc5 15. Rb1 {Hoping for Nxc6.} Rb8 (15... Nxd4 $142 16. Bxd4 Qd8) 16. Nc2 $36 {[%mdl 2048] White is on the roll.} Nb4 17. a3 Nxc2+ 18. Qxc2 Qc7 19. b4 Nd7 20. Rc1 Nb6 (20... b6 $16 {is a better defense.} 21. f4 Bb7) 21. Qd3 $18 Bf8 (21... Nd7 $142 22. f4 b6) 22. Rh1 Bg7 23. Bf4 (23. e5 $18 {is more deadly.}) 23... Bxc3+ $16 24. Qxc3 e5 25. Be3 Be6 26. hxg6 (26. f4 $16) 26... fxg6 $14 27. c5 dxc5 28. bxc5 Nd7 29. Bc4 Qc6 30. Bxe6+ Qxe6 31. Rd1 {[%cal Bc1d1,Bd1d6,Bd6f6][%mdl 32]} Re7 32. Qb4 Rf8 33. Rd6 Qf7 34. Rh3 Nb8 35. Rf6 Qa2 36. c6 Rff7 ({Better is} 36... Nxc6 $11 37. Rxc6 bxc6 38. Qxe7 Qb1+ 39. Ke2 Qb5+ 40. Ke1 Qb1+ 41. Kd2 Qb2+ 42. Ke1 Qb1+) 37. c7 ({White should try} 37. Rxf7 $14 Qxf7 38. cxb7 Rxb7 39. Qd6) 37... Rxc7 $11 {Threatens to win with ...Nc6.} 38. Qd6 $1 {[%cal Rd6d8] White wants to mate with Qd8+.} Qb1+ 39. Ke2 $1 {Threatening mate with Qd8+.} Qb5+ ({Don't blunder} 39... Qxe4 $2 40. Qd8+ Kg7 41. Qxb8 $18) ({Worse is} 39... Nc6 40. Rxg6+ $1 {[%mdl 512]} Rg7 41. Qe6+ Rcf7 42. Rxg7+ Kxg7 43. Rxh7+ $1 {[%mdl 512]} Kxh7 44. g6+ Kh8 45. Qe8+ Kg7 46. Qxf7+ Kh8 47. Qh7#) 40. Kf3 (40. Ke1 $1 $11 Qb1+ 41. Ke2 Qb5+ 42. Ke1) 40... Qd7 (40... Rxf6+ $17 41. gxf6 Qd7 42. f7+ Qxf7+ 43. Kg2 Qe7) 41. Kg3 Qxd6 42. Rxd6 Nc6 43. Rh1 Na5 44. Rd3 {Bb6 is the strong threat.} Nc4 45. Bc1 ({White should play} 45. Rhd1 $15) 45... Rfd7 $17 46. Rhd1 Rxd3+ 47. Rxd3 {[%mdl 4096] Endgame KRB-KRN} Kf7 48. f3 Ke6 49. Kf2 Nd6 50. Be3 Rc2+ 51. Kg3 Nc4 52. Bc5 b6 53. Bf2 (53. Bf8 $17) 53... Ra2 $1 $19 54. Rc3 b5 ({Stronger than} 54... Nxa3 55. Rc6+ Kd7 56. Rxb6 $11) 55. Bc5 a5 {[%cal Ba6a5,Ba5a4][%mdl 32]} 56. Bf8 (56. Rd3 $17) 56... a4 57. Rd3 {intending Bb4.} Rb2 58. Bc5 Rb3 59. Rd8 Nxa3 {White must now prevent ...Nc4.} 60. Rd6+ Kf7 61. Rd7+ Ke8 62. Re7+ Kd8 63. Rxe5 (63. Rxh7 $142 Nc4 64. Rg7) 63... Nc4 64. Re7 a3 65. Rxh7 {[#]} b4 (65... Ne5 $1 $19 {And now ...b4 would win.} 66. Ra7 Rxf3+ 67. Kg2 Rb3 68. Be7+ Kc8 69. Ra8+ Kb7 70. Rxa3 Rxa3 71. Bxa3 Nd3) 66. Ra7 $11 Kc8 67. Kf4 $2 {[%mdl 8192] [#]} (67. Bf8 $1 $11) 67... Nb2 $2 (67... Rb1 $1 $19 {aiming for ...b3.} 68. Ra8+ Kb7) 68. Bd6 Nd3+ 69. Kg3 Ne1 70. Bxb4 {Precision: White = 40%, Black = 56%.} 1/2-1/2

[Event "3rd GRENKE Chess Open 2018"]
[Site "Karlsruhe"]
[Date "2018.04.02"]
[Round "8"]
[White "Fedorovsky, Michael"]
[Black "Kozul, Zdenko"]
[Result "1-0"]
[WhiteElo "2471"]
[BlackElo "2617"]
[Annotator "TA"]
[PlyCount "59"]
[EventDate "2018.??.??"]
[EventType "swiss"]
[EventCountry "GER"]
[SourceTitle "playchess.com"]
[Source "ChessBase"]
[SourceQuality "1"]

{[%evp 12,59,59,20,43,67,50,61,50,10,18,-2,0,-3,78,88,101,0,0,0,25,27,53,55,82,22,46,23,56,49,66,30,43,26,76,39,69,60,45,23,70,67,125,94,497,491,914,912,1339,1316]} 1. d4 Nf6 2. c4 g6 3. Nc3 Bg7 4. e4 {[%cal Be2e4,Be4e5][%mdl 32]} d6 5. Be2 O-O 6. Be3 c6 7. g4 {LiveBook: 6 Games. E73: King's Indian: Averbakh Variation without 6...c5} (7. Nf3 e5 8. dxe5 dxe5 9. O-O Qe7 10. h3 Na6 11. Qc2 Nh5 12. Rfd1 Nf4 13. Bf1 Nc5 14. b4 Nce6 15. c5 a5 16. b5 Qf6 17. bxc6 bxc6 18. Rd6 Nxh3+ {1-0 (40) Carlsen,M (2832)-Guseinov,G (2645) chess.com INT 2017}) 7... d5 8. cxd5 cxd5 9. e5 {White is slightly better.} Ne4 10. f3 $146 {[%cal Bf2f3,Bf3f4,Bf4e5][%mdl 32]} ({Predecessor:} 10. h4 Nxc3 11. bxc3 f6 12. f4 Nc6 13. h5 Rf7 14. hxg6 hxg6 {1-0 (46) Ciolacu,A (1787)-Jarocka,L (1970) Mamaia 2017}) 10... Nxc3 11. bxc3 f6 12. f4 $1 fxe5 (12... g5 $11) 13. fxe5 $16 Nc6 {[#]} 14. h3 (14. h4 $1 $16) 14... Na5 15. Nf3 {[%cal Bg1f3,Bf3h4,Bh4g2,Bg2f4][%mdl 32]} Nc4 16. Bg5 Be6 17. O-O Rc8 18. Qd3 ({Better is} 18. Qe1 $16) 18... b5 19. Nh4 Qe8 20. Rxf8+ Bxf8 21. Ng2 Bf7 22. Rf1 a6 23. Bc1 Rc7 24. Nf4 {[#] e6 is the strong threat.} e6 25. g5 Nb6 26. Bd2 Na4 (26... Ba3 $14) 27. Bg4 Ba3 $2 {[%mdl 8192]} (27... Nb2 $16 28. Qf3 Bg7) 28. c4 $1 $18 {[%cal Rc4d5] White is clearly winning.} Bb2 (28... Nb2 $142 29. Qxa3 Nxc4) 29. cxd5 exd5 30. e6 {Precision: White = 46%, Black = 17%.} 1-0

[Event "3rd GRENKE Chess Open 2018"]
[Site "Karlsruhe"]
[Date "2018.04.02"]
[Round "8"]
[White "Pavlovic, Milos"]
[Black "Landa, Konstantin"]
[Result "0-1"]
[WhiteElo "2471"]
[BlackElo "2613"]
[Annotator "TA"]
[PlyCount "74"]
[EventDate "2018.??.??"]
[EventType "swiss"]
[EventCountry "GER"]
[SourceTitle "playchess.com"]
[Source "ChessBase"]
[SourceQuality "1"]

{[%evp 25,74,0,0,-8,0,0,13,11,32,28,37,0,13,9,23,-4,0,0,0,0,0,0,0,-6,0,-34,-5,-61,-50,-56,-62,-80,-59,-87,-60,-354,-343,-344,-336,-29987,-575,-29988,-29989,-29986,-29987,-29987,-29988,-29988,-5017,-29988,-2593]} 1. d4 Nf6 2. Nf3 b6 3. c4 Bb7 4. Nc3 e6 5. e3 d5 6. cxd5 exd5 7. Bb5+ c6 8. Bd3 Be7 9. O-O O-O 10. b3 {E14: Queen's Indian: Classical Variation (4 e3)} (10. Ne5 c5 11. Qf3 Nc6 12. Qh3 g6 13. Nxc6 Bxc6 14. b3 Re8 15. dxc5 bxc5 16. Bb2 Qb6 17. Rab1 Rad8 18. Rfd1 a5 {1-0 (44) Harikrishna,P (2744)-Anton Guijarro,D (2666) Riadh 2017}) 10... Nbd7 11. Bb2 Bd6 12. Re1 Re8 13. Qc2 Rc8 {LiveBook: 7 Games} 14. Rad1 Rc7 $146 ({Predecessor:} 14... Qc7) 15. Nd2 Nf8 16. e4 {e5 is the strong threat.} dxe4 17. Ndxe4 Nxe4 18. Rxe4 Rce7 19. Rxe7 Qxe7 20. Bf1 Nd7 21. g3 Nf6 22. Bg2 h6 23. h3 Bb4 24. Bf3 Qd7 25. Kh2 h5 26. Ne2 {[#]} ({White should play} 26. Qd3 $11) 26... h4 $1 $15 {[%mdl 512]} 27. gxh4 Bd6+ 28. Ng3 Nd5 $36 {[%mdl 3072] Hoping for ...Bxg3+. Black has strong compensation. Black has good play.} 29. Bc1 $1 {[#]} Bc8 $1 30. Bg4 $2 {[%mdl 8192]} (30. Bg2 $1 $15) 30... f5 $1 $19 {[%cal Rf5g4]} 31. Bh5 {[#]} f4 $1 32. Ne4 $2 (32. Nf5 $19 f3+ 33. Kg1) 32... Qxh3+ 33. Kg1 {[#]} f3 $1 {[%mdl 512]} 34. Bxf3 Qxf3 35. Nxd6 Bh3 {[%csl Gh3][%cal Rf3g2]} 36. Qg6 Qxd1+ 37. Kh2 Rf8 {Precision: White = 52%, Black = 71%.} (37... Re1 $142 38. Qf7+ Kh7 39. Kxh3 Nf6 40. Qxf6 gxf6 41. Kg3 Rg1+ 42. Kf4 Qg4+ 43. Ke3 Re1+ 44. Kd3 Qe2+ 45. Kc3 Rxc1+ 46. Kb4 Qxa2 47. Nc4 a5+ 48. Nxa5 bxa5#) 0-1

[Event "3rd GRENKE Chess Open 2018"]
[Site "Karlsruhe"]
[Date "2018.04.02"]
[Round "8"]
[White "Basso, Pier Luigi"]
[Black "Sumets, Andrey"]
[Result "1/2-1/2"]
[WhiteElo "2459"]
[BlackElo "2590"]
[Annotator "TA"]
[PlyCount "23"]
[EventDate "2018.??.??"]
[EventType "swiss"]
[EventCountry "GER"]
[SourceTitle "playchess.com"]
[Source "ChessBase"]
[SourceQuality "1"]

{[%evp 9,23,36,26,0,0,0,2,2,3,6,18,10,20,0,8,-7]} 1. d4 Nf6 2. c4 e6 3. Nf3 b6 4. g3 c6 (4... Ba6 5. b3 Bb4+ 6. Bd2 Be7 7. Bg2 c6 8. O-O d5 9. Qc2 Nbd7 10. Rd1 Rc8 11. a4 O-O 12. Na3 Bb7 13. Qb2 c5 14. Be1 Re8 15. e3 cxd4 16. Nxd4 a6 17. a5 Qc7 18. axb6 Qxb6 19. cxd5 Bxd5 20. Bxd5 Nxd5 {1-0 (67) Yu,Y (2751)-Ivanchuk,V (2726) Huaian 2017}) 5. Bg2 d5 {LiveBook: 104 Games} 6. cxd5 {E15: Queen's Indian: 4 g3 sidelines, 4 g3 Ba6 and 4 g3 Bb7 early deviations} cxd5 {The position is equal.} 7. Nc3 Bb7 8. Bf4 Nc6 $146 ({Predecessor:} 8... Be7 9. O-O O-O 10. Nb5 Na6 11. Rc1 Nh5 12. Qd2 Nxf4 13. Qxf4 Rc8 14. Nxa7 Bd6 15. Qd2 Rc7 16. Nb5 Bb4 17. Qd1 Rc8 18. a3 Be7 19. Rxc8 Bxc8 20. Qd3 Qd7 21. Ne5 Qd8 22. Nf3 Qd7 23. Ne5 Qd8 24. Nf3 Qd7 {½-½ (24) Salcedo Paez,J (2129)-Medina Garcia,M (1931) Bogota 2008}) 9. Ne5 Bb4 10. O-O Nxe5 11. Bxe5 {[#] aiming for Qa4+.} O-O 12. Rc1 1/2-1/2

[Event "3rd GRENKE Chess Open 2018"]
[Site "Karlsruhe"]
[Date "2018.04.02"]
[Round "8"]
[White "Grinberg, Eyal"]
[Black "Arcuti, Davide"]
[Result "1-0"]
[WhiteElo "2452"]
[BlackElo "2343"]
[Annotator "TA"]
[PlyCount "94"]
[EventDate "2018.??.??"]
[EventType "swiss"]
[EventCountry "GER"]
[SourceTitle "playchess.com"]
[Source "ChessBase"]
[SourceQuality "1"]

{[%evp 27,94,0,0,7,12,14,15,17,29,10,26,9,14,0,20,22,41,33,54,33,39,38,113,117,475,473,420,202,196,136,181,177,273,261,496,435,413,421,511,493,785,770,564,431,737,690,647,347,346,326,326,326,453,284,1318,1314,1361,1312,1329,1268,1287,1187,1057,1033,828,766,674,600,534]} 1. e4 e5 2. Nf3 Nc6 3. Bb5 a6 4. Ba4 Nf6 5. O-O Be7 6. Re1 b5 7. Bb3 O-O 8. h3 Bb7 9. d3 d6 10. a3 Qd7 11. Nc3 Rfe8 {C88: Closed Ruy Lopez: Anti-Marshall Systems} 12. Nd5 Nxd5 13. Bxd5 Nd8 14. Bxb7 Nxb7 {LiveBook: 3 Games} 15. Be3 {[#]} Bf8 $146 ({Predecessor:} 15... Bf6 16. c4 c6 17. Qc2 d5 18. cxd5 cxd5 19. Rac1 {0-1 (59) Rasik,V (2452)-Kravtsiv,M (2631) Pardubice 2016}) 16. c4 c6 17. b4 Nd8 18. a4 Ne6 19. axb5 axb5 20. cxb5 {And now b6 would win.} cxb5 21. Qb3 Qb7 22. Ra5 Ra6 23. Rc1 Rxa5 24. bxa5 Qa6 {[#]} (24... Ra8 $14) 25. Bb6 $1 $16 Rc8 $2 {[%mdl 8192]} (25... Nc5 $16 26. Qd5 (26. Bxc5 dxc5 27. Rb1 b4 $11) 26... Qa8) 26. Rxc8 $18 Qxc8 27. g3 (27. Qxb5 $142 Qc1+ 28. Kh2) 27... Qa6 28. Qc3 ({White should play} 28. Qd5 $18) 28... Be7 29. Ne1 Qb7 {[#]} (29... Nc5 $142 30. Nc2 Bf8) 30. Nc2 $1 d5 $2 (30... Nc5 31. Bxc5 dxc5) 31. Qxe5 dxe4 32. Qxe4 Qc8 33. Nd4 Nxd4 (33... b4 $142 34. Qc6 Qxc6 35. Nxc6 Bd8 36. Nxb4 (36. Nxd8 b3 $17) 36... Bxb6) 34. Bxd4 Bf8 35. Qe5 b4 (35... Qc6 $142 36. Qb8 g6) 36. Qb5 Qd8 37. Qb6 Qxb6 38. axb6 {[%mdl 4096] Endgame KB-KB} ({Weaker is} 38. Bxb6 g6 $16) 38... Bd6 39. b7 b3 40. Kf1 f6 $2 (40... Bb8 41. Ke2 Kf8) 41. Ke2 {White is clearly winning.} Kf7 42. Kd2 Bb8 43. Be3 ({Less strong is} 43. Kc3 Ke6 $18) 43... g5 44. Kc3 Ke6 45. Kxb3 Kd5 46. Kb4 Kc6 47. Kc4 Kxb7 {Precision: White = 71%, Black = 20%.} 1-0

[Event "3rd GRENKE Chess Open 2018"]
[Site "Karlsruhe"]
[Date "2018.04.02"]
[Round "8"]
[White "Beerdsen, Thomas"]
[Black "Gschnitzer, Adrian"]
[Result "1-0"]
[WhiteElo "2447"]
[BlackElo "2307"]
[Annotator "TA"]
[PlyCount "81"]
[EventDate "2018.??.??"]
[EventType "swiss"]
[EventCountry "GER"]
[SourceTitle "playchess.com"]
[Source "ChessBase"]
[SourceQuality "1"]

{[%evp 20,80,48,41,56,52,56,51,54,51,51,49,50,42,21,10,29,6,7,0,7,0,30,0,0,0,0,0,0,0,0,0,21,13,14,30,125,122,127,118,340,331,333,324,306,290,298,274,261,97,410,393,396,387,508,500,596,578,29994,29995,29995,29996,29999]} 1. e4 c5 2. Nf3 Nc6 3. c3 d5 4. exd5 Qxd5 5. d4 Bg4 6. Be2 e6 7. h3 Bh5 8. c4 Qd7 9. d5 {B22: Sicilian: 2 c3} Bxf3 10. Bxf3 Nd4 11. O-O {LiveBook: 5 Games. White is slightly better.} Nf6 {[%cal Re6d5]} (11... Nxf3+ 12. Qxf3 exd5 13. Re1+ Be7 14. cxd5 Rd8 15. Nc3 Nf6 16. d6 Qxd6 17. Qxb7 {1-0 (45) Plat,V (2510)-Rakus,P (2243) Bohuslavice 2017}) 12. Nc3 Be7 13. Bf4 O-O 14. Be5 Nxf3+ $146 ({Predecessor:} 14... Nf5 15. Re1 Bd6 16. Bxf6 gxf6 17. dxe6 fxe6 18. Rxe6 {1-0 (30) Panuzzo,J-Christian,G CServe email 1994}) 15. Qxf3 exd5 16. cxd5 Ne8 17. Rfe1 {Black must now prevent d6.} Bd6 18. Qg3 Bxe5 19. Rxe5 Nd6 20. Rae1 Rfe8 21. Rxe8+ Rxe8 22. Rxe8+ Nxe8 23. Qb8 $36 {[%mdl 2048] White has the initiative.} b6 24. a4 Kf8 25. Nb5 a6 (25... Qxd5 $2 26. Qxe8+ $1 {[%mdl 512]} Kxe8 27. Nc7+ Kd7 28. Nxd5 $18) 26. Nc3 Qc7 27. Qa8 Qf4 {[#]} (27... a5 $11) 28. g3 $1 $16 {[%cal Rg3f4]} ({But not} 28. Qxa6 $6 Qc1+ 29. Kh2 (29. Qf1 Qxb2 30. Qe1 Qb4 $11) 29... Qxb2 $11) 28... Qd2 29. Kg2 g6 $2 {[#]} (29... a5 $16) 30. Ne4 $1 $18 {[%cal Re4d2]} (30. Qxa6 Qxb2 31. Qd3 Nd6 $11) 30... Qxb2 31. d6 {aiming for d7.} Qd4 32. Qc6 Nxd6 33. Nxd6 ({Don't do} 33. Qxd6+ $6 Qxd6 34. Nxd6 Kg7 $16) 33... Kg7 34. Nc8 $2 ({Weaker is} 34. Qxb6 Qd5+ 35. Kh2 Qd4 $16) (34. Ne8+ $18 Kg8 35. Nf6+ Kg7 36. Nd7 (36. Qxb6 Qxf6 37. Qxc5 Qb2 $11)) 34... c4 $2 {[%mdl 8192]} (34... b5 $16) 35. Nxb6 c3 {intending ...c2.} 36. Nd5 Qe4+ 37. Kh2 Kh6 {Now ...c2 and Black clings on.} 38. Qc5 {Intending Qf8+ and mate.} c2 39. Qf8+ {White mates.} Kg5 40. f4+ Kf5 41. Qxf7# {Precision: White = 74%, Black = 44%.} 1-0